| 000 | 01236nam a2200253Ia 4500 | ||
|---|---|---|---|
| 003 | Ost | ||
| 005 | 20260507075027.0 | ||
| 008 | 260507s9999||||xx |||||||||||||| ||und|| | ||
| 020 | _a2222 | ||
| 040 | _cfsecg | ||
| 041 | _aara | ||
| 082 | _a330 | ||
| 100 |
_aالعكشة، وائل عودة _eمؤلف |
||
| 245 | 0 |
_aمحاسبة الشركات : _bأشخاص-أموال / _c وائل عودة العكشة |
|
| 250 | _aطبعة 7 | ||
| 260 |
_aعمان: _bدار المسيرة للنشر والتوزيع, _c2007 |
||
| 300 |
_a378 صفحة؛ _bإيضاحات ؛ _c24 سم |
||
| 520 | _aمدخل الى محاسبة الشركات- شركات الاشخاص- شركات التضامن والتوصية البسيطة- قياس وتوزيع الأرباح والخسائر- المشاكل المحاسبية المتعلقة بتعديل عقد الشركة- التصفية والإندماج- شركات الاموال- الشركات ذات المسؤولية المحدودة- شركة التوصية للأسهم- السندات | ||
| 653 | _aالاموال | ||
| 653 | _aالشركات | ||
| 653 | _aالمحاسبة | ||
| 700 |
_aصيام، وليد زكريا وآخرون _eمؤلف ثانوي |
||
| 942 | _cكتاب | ||
| 999 |
_c42348 _d42348 |
||